| 000 | 01250nam a2200289 c 4500 | ||
|---|---|---|---|
| 003 | BLK | ||
| 005 | 20180422115412.0 | ||
| 008 | 180411b bul|||||r ||||||| ||bul|| | ||
| 010 | _aKNG00194259000 | ||
| 040 | _aBLK | ||
| 041 |
_aBUL _cBUL |
||
| 080 |
_aОрганизация и структура на учебния процес - Записване. Такси. Планиране на следването. Семестри. Продължителност, методи и форми на преподаване и др. _b378.14 _x(035) _z378.14(035) |
||
| 100 | 1 |
_aИванов, Митко _eпърви автор _gМитев, Митко Иванов _9378107 |
|
| 139 |
_aИванов, Митко _bИ 21 |
||
| 245 | 1 | 0 |
_aИскам да стана студентка _bРъководство _cМитко Иванов. |
| 245 | 1 | 0 |
_aИскам да стана студент _b _c |
| 257 | _aBGR | ||
| 260 |
_аПловдив _bПолиграф _c1993 |
||
| 300 |
_a80 с. _c17 см |
||
| 380 | _a3 | ||
| 650 | 4 |
_aСтуденти - приемане във ВУЗ _9250086 |
|
| 852 | _aЦб І 26239 | ||
| 856 | 4 |
_qpdf _u |
|
| 856 | 4 |
_qpdf _u |
|
| 942 |
_cKNG _n0 |
||
| 944 |
_aCR _c24.10.2016 _kГрета_Цуфелде |
||
| 944 |
_aED _c24.10.2016 _kГрета_Цуфелде |
||
| 999 |
_c185266 _d185266 |
||